Situation de la recherche
Gardado en:
| Formato: | Libro |
|---|---|
| Idioma: | francés |
| Publicado: |
París
Flammarion
1960
|
| Series: | Cahiers d'Etudes de Radio-Télévision, 27-28
|
| Subjects: | |
| Tags: |
Engadir etiqueta
Sen Etiquetas, Sexa o primeiro en etiquetar este rexistro!
|
MARC
| LEADER | 00000nam a2200000 a 4500 | ||
|---|---|---|---|
| 001 | UCN0902 | ||
| 003 | CL-VaPUC | ||
| 008 | 010406e19600000FR |||||||||||||||||fre|d | ||
| 082 | 0 | 4 | |a 791.4 |b SIT |2 21 |
| 245 | 1 | 0 | |a Situation de la recherche |
| 300 | |a 331 p | ||
| 942 | |c BK | ||
| 945 | |d 20010406 00:00:00 |a crobeson | ||
| 260 | |a París |b Flammarion |c 1960 | ||
| 650 | 0 | |a Radiodifusión |9 308795 | |
| 650 | 0 | |a Televisión |9 256845 | |
| 650 | 0 | |a Cine |9 225706 | |
| 650 | 7 | |a MUSICA EXPERIMENTAL |2 CL-VaPUC |9 456265 | |
| 583 | |a last modification |c 20010406 00:00:00 |k Rodrigo Vera | ||
| 490 | 0 | |a Cahiers d'Etudes de Radio-Télévision, 27-28 | |
| 999 | |c 294514 |d 294512 | ||
| 952 | |0 0 |1 0 |4 0 |6 791_400000000000000_SIT_1960 |7 0 |8 A |9 347003 |a BIBEDU |b BIBEDU |d 2019-11-20 |i 1247301 |o 791.4 SIT 1960 |p 1247301 |r 2023-01-12 |w 2019-11-20 |y BK |k MUS | ||